Central Library, Doon University
WEBOPAC (ONLINE PUBLIC ACCESS CATALOGUE)

Water Resource of Himalaya Region (Record no. 60893)

MARC details
000 -LEADER
fixed length control field 00600nam a22002057a 4500
005 - DATE & TIME
control field 20260526162244.0
008 - FIXED-LENGTH DATA ELEMENTS--GENERAL INFORMATION
fixed length control field 260526b |||||||| |||| 00| 0 eng d
020 ## - ISBN
International Standard Book Number 9789360287931
Price 3450.00
040 ## - CATALOGING SOURCE
Original cataloging agency Doon University
041 ## - Language
Language English
082 ## - DDC NUMBER
Classification number 333.910954
Book Number WAT
100 ## - MAIN ENTRY--PERSONAL NAME
Personal name Pant, Durgesh (ed)
245 ## - TITLE STATEMENT
Title Water Resource of Himalaya Region
260 ## - PUBLICATION, DISTRIBUTION, ETC. (IMPRINT)
Place of publication, distribution, etc Dehradun
Name of publisher, distributor, etc Bishan Singh Mahindra Pal Singh
Date of publication, distribution, etc 2026
300 ## - PHYSICAL DESCRIPTION
Pages 213
650 ## - Subject
Subject Uttarakhand Collection : Himalaya Collection
700 ## - Added Entry Personal Name
Added Entry Personal Name Sharma, Bhavtosh (ed)
700 ## - Added Entry Personal Name
Added Entry Personal Name Uniyal, D.P. (ed)
942 ## - ADDED ENTRY ELEMENTS (KOHA)
Koha item type Books
100 ## - MAIN ENTRY--PERSONAL NAME
-- 26915
650 ## - Subject
-- 13
700 ## - Added Entry Personal Name
-- 26916
700 ## - Added Entry Personal Name
-- 26917
952 ## - LOCATION AND ITEM INFORMATION (KOHA)
-- 2026-05-26
Holdings
Withdrawn status Lost status Source of classification or shelving scheme Damaged status Not for loan Location (home branch) Sublocation or collection (holding branch) Date acquired Koha full call number Accession No. Koha date last seen Koha item type
          Doon University Doon University 26.05.2026 333.910954 WAT 53982 26.05.2026 Books
Contact : +91-135-2533126 (Library),+91-135-2533105 (Admin Office) , Email : doonlibrary@gmail.com

Powered by Koha